| 000 | 01021cam a22002895a 4500 | ||
|---|---|---|---|
| 001 | 016127440 | ||
| 003 | OSt | ||
| 005 | 20150920143144.0 | ||
| 008 | 120712s2013 enka frb 001 0 eng d | ||
| 020 | _a9781849053440 (pbk.) | ||
| 040 |
_aStDuBDS _beng _cStDuBDS _dUk _dEG-ScBUE |
||
| 082 | 0 | 4 |
_a616.85882 _222 _bTAN |
| 100 | 1 |
_aTantam, Digby, _938424 |
|
| 245 | 1 | 0 |
_aAutism spectrum disorders through the life span / _cDigby Tantam. |
| 260 |
_aLondon ; _aPhiladelphia : _bJessica Kingsley Publishers, _c2013. |
||
| 300 |
_axxvi, 550 p. : _bill. (black and white) ; _c26 cm. |
||
| 500 | _aIndex : p. 542-550. | ||
| 500 | _aOriginally published : 2012. | ||
| 504 | _aBibliography : p. 484-541. | ||
| 650 | 0 |
_aAutism spectrum disorders. _2BUEsh |
|
| 650 | 0 |
_aAutism spectrum disorders _xDiagnosis. _2BUEsh |
|
| 650 | 0 |
_aAutism spectrum disorders _xTreatment. _2BUEsh |
|
| 650 | 0 |
_aAutism spectrum disorders _xPatients _xServices for. _2BUEsh |
|
| 651 | _2BUEsh | ||
| 653 |
_bNNUR _cAugust2015 _cSeptember2015 |
||
| 942 | _2ddc | ||
| 999 |
_c20758 _d20730 |
||